000 00531nam a2200181Ia 4500
003 GCL
005 20240530102052.0
008 140319s9999 xx 000 0 ara d
040 _aGCL /
_cGCL
082 0 4 _a155.19
_bم ا
100 1 _aمختار سالم
245 1 0 _aالرشاقة والجمال فى الرياضة
_cمختار سالم
260 _a[S.N] :
_bمؤسسة المعارف للطباعة والنشر ،
_c1988
300 _a447 ص
650 0 4 _aالرجيم
650 0 4 _aالرشاقة
942 _2ddc
_cBK
999 _c29566
_d29566